000 00701nam a2200193Ia 4500
008 151121s9999||||xx |||||||||||||| ||und||
082 _a131।34/घाणेक
082 _bHNW-64289
100 _aघाणेकर मधुसूदन
245 _aहस्ताक्षर आणि स्वभाव
260 _b"सुयोग प्रकाशन, पुणे।"
260 _c--
300 _a82
600 _aघाणेकर मधुसूदन
630 _aहस्ताक्षर आणि स्वभाव
700 _aघाणेकर मधुसूदन
730 _aहस्ताक्षर आणि स्वभाव
942 _cBOOK
999 _c1245816
_d1245813